000 01235cam a2200361 a 4500
003 CO-BoRNBP
005 20241025095625.0
007 ta
008 030513s2000 ck a r 00010 spa d
020 _a9589401384
040 _ala
_cla
_bspa
041 0 _aspa
043 _as-ck---
082 0 4 _a792.8
_bA74d
100 1 _aArguelles Pabón, Dorlly J. - Guerrero Pico, Martha
_943509
245 1 0 _aDanzas folklóricas de Colombia :
_bpropuesta didáctica para la educación básica /
_cDorlly J. Arguelles Pabón, Martha Guerrero Pico.
250 _aPrimera edición
264 4 _aArmenia, Colombia
_bKINESIS
_c©2000
300 _a228 p. :
_bil. ;
_c24 cm.
336 _2rdacontent
_atexto
_btxt
337 _2rdamedia
_asin mediación
_bn
338 _2rdacarrier
_avolumen
_bnc
500 _aIncluye discografía.
504 _aIncluye bibliografía.
650 7 _aDanza
_x Enseñanza.
_2BLAAUTO
_943510
650 7 _aDanzas populares y nacionales colombianas.
_2BLAAUTO
_939052
650 7 _aMúsica folclórica colombiana.
_2BLAAUTO
_924565
650 7 _aFolclor colombiano.
_2BLAAUTO
650 7 _aCoreografía.
_2BLAAUTO
_928422
700 1 _aGuerrero Pico, Martha.
_943511
942 _2ddc
_cBK
949 _ac
_bc
999 _c38512
_d38512